000 00464nam a2200181Ia 4500
001 4634
005 20260306145810.0
008 260306t1995||||xx |||||||||||||| ||spa||
041 _aESP
082 _a328
_bC29
100 _aCárdenas Muñoz, Roberto
_eAUT
245 0 _aParlamentarismo, civilización e identidad nacional, constitución
260 _c1995
300 _a150 páginas :
_c24 cm.
650 _aGEN
654 _aCDE
942 _cLIB
_dJUS
_fJUS
_2ddc
_n
999 _c4634
_d4634